00430 2200169 4500245005400000020002200054250001000076100001300086700001700099700000900116005001900125260005900144041001400203084001000217300002400227336000900251 aPutri Serindu Hati Dan PerbimbangcM. YusufhText a978-602-437-092-3 aCet.1 aM. Yusuf aSetyo Untoro aLeda a20240926093550 aJakartabBadan Pengembangan Bahasa dan Perbukuanc2016 aIndonesia a741.5 avi 56 hlm. 21 cm. : atext